España sagrada. (Registro nro. 174609)
[ vista simple ]
| 000 -LEADER | |
|---|---|
| campo de control de longitud fija | 01142nam a2200289 4500 |
| 001 - NÚMERO DE CONTROL | |
| campo de control | 174609 |
| 003 - IDENTIFICADOR DE NÚMERO DE CONTROL | |
| campo de control | ES-MaACL |
| 005 - FECHA Y HORA DE LA ÚLTIMA TRANSACCIÓN | |
| campo de control | 20250831072603.0 |
| 008 - DATOS DE LONGITUD FIJA--INFORMACIÓN GENERAL | |
| campo de control de longitud fija | 100511s1798 sp p |||| | spa d |
| 080 ## - NÚMERO DE LA CLASIFICACIÓN DECIMAL UNIVERSAL | |
| Número de la Clasificación Decimal Universal | 27(460) |
| 100 1# - ENTRADA PRINCIPAL--NOMBRE DE PERSONA | |
| Nombre de persona | Flórez, Enrique, |
| Fechas asociadas al nombre | 1702-1773 |
| 9 (RLIN) | 142679 |
| 240 10 - TÍTULO UNIFORME | |
| Título uniforme | España sagrada |
| 245 10 - MENCIÓN DEL TÍTULO | |
| Título | España sagrada. |
| Número de parte o sección de la obra | Tomo XLI, |
| Nombre de parte o sección de la obra | Santa iglesia de Lugo |
| Resto del título | : continuación de su historia desde el siglo XII hasta fines del XVIII / |
| Mención de responsabilidad, etc. | su autor, Manuel Risco. |
| 260 ## - PUBLICACIÓN, DISTRIBUCIÓN, ETC. | |
| Lugar de publicación, distribución, etc. | En Madrid : |
| Nombre del editor, distribuidor, etc. | en la oficina de la viuda é hijo de Marin, |
| Fecha de publicación, distribución, etc. | 1798. |
| 300 ## - DESCRIPCIÓN FÍSICA | |
| Extensión | [24], 440 p. ; |
| Dimensiones | 20 cm. |
| 504 ## - NOTA DE BIBLIOGRAFÍA, ETC. | |
| Nota de bibliografía, etc. | Apéndices, p.295-430. |
| 504 ## - NOTA DE BIBLIOGRAFÍA, ETC. | |
| Nota de bibliografía, etc. | Índice de cosas notables del tomo, p.431-440. |
| 530 ## - NOTA DISPONIBLE DE FORMULARIO FÍSICO ADICIONAL | |
| Nota de formato físico adicional disponible | Disponible en formato digital. |
| 546 ## - NOTA DE IDIOMA | |
| Nota de lengua/lenguaje | Textos de los apéndices en latín. |
| 650 #7 - PUNTO DE ACCESO ADICIONAL DE MATERIA--TÉRMINO DE MATERIA | |
| Fuente del encabezamiento o término | embne |
| Término de materia o nombre geográfico como elemento de entrada | Historia eclesiástica |
| 9 (RLIN) | 13400 |
| 651 #4 - PUNTO DE ACCESO ADICIONAL DE MATERIA--NOMBRE GEOGRÁFICO | |
| Nombre geográfico | Lugo- |
| Subdivisión general | Historia eclesiástica. |
| 9 (RLIN) | 142794 |
| 700 0# - ENTRADA AGREGADA--NOMBRE PERSONAL | |
| Nombre de persona | Risco, Manuel. |
| 9 (RLIN) | 97459 |
| 852 4# - LOCALIZACIÓN | |
| Ubicación | ES-MaACL |
| Número de control de estantería | R-1617-69 |
| Encuadernación | C-16767-818 |
| 856 ## - LOCALIZACIÓN Y ACCESO ELECTRÓNICOS | |
| Identificador Uniforme de Recursos | <a href="https://archive.org/details/espaasagradathe26palegoog/page/n9 ">https://archive.org/details/espaasagradathe26palegoog/page/n9 </a> |
| Nota pública | Internet Archive |
| 942 ## - ELEMENTOS DE ENTRADA SECUNDARIOS (KOHA) | |
| Fuente del sistema de clasificación o colocación | Clasificación decimal universal |
| Estatus retirado | Estado de pérdida | Estado de daño | No para préstamo | Colección | Biblioteca de origen | Biblioteca actual | Ubicación en estantería | Fecha de adquisición | Fuente de adquisición | Total de préstamos | Signatura topográfica completa | Código de barras | Visto por última vez | Precio de reemplazo | Tipo de ítem Koha |
|---|---|---|---|---|---|---|---|---|---|---|---|---|---|---|---|
| Colección digital | Biblioteca del Ateneo de Madrid | Biblioteca del Ateneo de Madrid | Depósito | 11/05/2010 | R-1657 | 1183304 | 23/02/2023 | 23/02/2023 | Libro impreso antiguo |
